000 00532nam a2200229Ia 4500
005 20250425160746.0
008 250425s9999 xx 000 0 und d
020 _a8475098681
041 _aspa
082 _a153.4
100 _aSILER, TODD
245 0 _aMAS ALLA DE LAS BARRERAS DE LA MENTE
250 _a1A ED.
260 _aBARCELONA
260 _aEspaƱa
_bPAIDOS
_c1990
300 _a345
650 _aCIENCIAS
650 _aPSICOLOGIA
650 _aPSICOLOGIA DEL CONOCIMIENTO
942 _c01
010 _a4618
999 _c195592
_d195592